Puesta en operación remota del analizador de transmisión HP37721A

Gardado en:
Detalles Bibliográficos
Autor Principal: Torres Martínez, José Francisco
Formato: Libro
Publicado: [San José , Costa Rica] 1994
Materias:
Etiquetas: Engadir etiqueta
Sen Etiquetas, Sexa o primeiro en etiquetar este rexistro!

MARC

LEADER 00000nam a2200000Ia 4500
003 007703
005 20221231144253.0
008 140114s1994 cr a m 000 ||s d
040 |c cru CEDI 
090 |a TFG 3302 
100 |a Torres Martínez, José Francisco  |9 10705 
245 |a Puesta en operación remota del analizador de transmisión HP37721A 
260 |c 1994  |a  [San José , Costa Rica] 
300 |a vi, 38, [28] páginas : ilustraciones  
500 |a Proyecto de graduación (bachillerato en ingeniería eléctrica)--Universidad de Costa Rica. Facultad de Ingeniería. Escuela de Ingeniería. Escuela de Ingeniería Eléctrica 
650 |x INTERFASES CON EL USUARIO (SISTEMA PARA COMPUTADORA)   |x LINEAS ELECTRICAS - PROGRAMAS PARA COMPUTADORA  |9 10706 
942 |c TFG 
999 |c 19382  |d 19382